Countries that Touch the Tropic of Cancer or the Tropic of Capricorn - Statistics

General Stats
  • This quiz has been taken 27 times
  • The average score is 20 of 27
Answer Stats
Answer % Correct
Morocco
91%
Algeria
87%
Argentina
87%
Australia
87%
Brazil
87%
Chile
87%
Libya
87%
Mexico
87%
Egypt
83%
South Africa
83%
India
78%
Madagascar
78%
Namibia
78%
Paraguay
78%
China
74%
Mozambique
74%
Botswana
70%
Saudi Arabia
70%
Bangladesh
65%
Mauritania
65%
Myanmar
65%
Niger
65%
Mali
61%
Bahamas
57%
Oman
57%
Taiwan
52%
United Arab Emirates
52%
No matching quizzes found
Score Distribution
Percent of People with Each Score
Percentile by Number Answered
Your Score History
You have not taken this quiz